000
00311nam a22001457a 4500
008
221201b ||||| |||| 00| 0 eng d
020
_a
9781587653841
041
_a
eng
080
_2
VOLUME II
_a
61
082
_a
61
100
_a
4
101
_a
MJK
245
_a
MEDICAL GUIDE +
_c
MAGILL'S
942
_2
udc
_c
BK
999
_c
59063
_d
59063